| 000 | 00522nam a2200217Ia 4500 | ||
|---|---|---|---|
| 005 | 20250425161348.0 | ||
| 008 | 250425s9999 xx 000 0 und d | ||
| 020 | _a0805370021 | ||
| 041 | _aeng | ||
| 082 | _a530.15 | ||
| 100 | _aMATHEWS, JON | ||
| 245 | 0 | _aMATHEMATICAL METHODS OF PHYSICS | |
| 250 | _a2ND ED. | ||
| 260 |
_aEstados Unidos _bTHE BENJAMIN/CUMMINGS _c1970 |
||
| 260 | _aMENLO PARK | ||
| 300 | _a501 | ||
| 650 | _aFISICA MATEMATICA | ||
| 700 | _aWALKER, R. L. | ||
| 942 | _c01 | ||
| 010 | _a18612 | ||
| 999 |
_c207719 _d207719 |
||